00000000nam##2200000za#4500
0019.692786
003CaOODSP
00520210624233353
007cr |||||||||||
008150407|2006||||xxc|||||o    f|0| 0 eng|d
040 |aCaOODSP|beng
043 |an-cn---
0861 |aA52-167/2006E-PDF
1101 |aCanada. |bAgriculture and Agri-Food Canada.
24510|aCanola disease identification & sclerotinia risk assessment card / |h[electronic resource]|c[Co-published by the] Canola Council of Canada.
260 |bAgriculture and Agri-Food Canada |cJanuary 2006.
300 |a2p.|btable, photographs
590 |a10-10-Supp|b2010-11-09
69007|aFungi|2gcpds
69007|aFungicides|2gcpds
69007|aPlant diseases|2gcpds
85640|ahttp://publications.gc.ca|qPDF|s1025 KB|uhttps://publications.gc.ca/collections/collection_2009/agr/A52-167-2006E.pdf